书目信息 |
| 题名: |
软件工程
|
|
| 作者: | 叶俊民 编著 | |
| 分册: | ||
| 出版信息: | 北京 清华大学出版社 2006.06 |
|
| 页数: | 361页 | |
| 开本: | 26cm | |
| 丛书名: | ||
| 单 册: | ||
| 中图分类: | TP311.5-43 | |
| 科图分类: | ||
| 主题词: | 软件工程--ruan jian gong cheng--高等学校--教材 | |
| 电子资源: | ||
| ISBN: | 7-302-12906-1 | |
| 000 | 00944nam0 2200253 450 | |
| 001 | 012007638209 | |
| 005 | 20071106101156.56 | |
| 010 | @a7-302-12906-1@dCNY29.00 | |
| 100 | @a20070924d2006 km y0chiy0120 ea | |
| 101 | 0 | @achi |
| 102 | @aCN@b110000 | |
| 105 | @aa a 000yy | |
| 106 | @ar | |
| 200 | 1 | @a软件工程@Aruan jian gong cheng@f叶俊民编著@Fye jun min bian zhu |
| 210 | @a北京@c清华大学出版社@d2006.06 | |
| 215 | @a361页@c图@d26cm | |
| 300 | @a高等学校教材·计算机科学与技术 | |
| 320 | @a有书目。 | |
| 330 | @a本书内容包括软件工程基础、软件项目管理基础、软件需求分析管理基础、软件设计基础、软件体系结构设计、人机交互界面设计、构件级设计与实现、面向对象的概念和记号、面向对象的需求获取与需求分析、面向对象设计、软件测试和维护。 | |
| 606 | 0 | @a软件工程@Aruan jian gong cheng@x高等学校@j教材 |
| 690 | @aTP311.5-43@v4 | |
| 701 | 0 | @a叶俊民@Aye jun min@4编著 |
| 801 | 0 | @aCN@b@c20071106 |
| 905 | @b263284-85@dTP311.5-43@eY430@f2 | |
| 软件工程/叶俊民编著.-北京:清华大学出版社,2006.06 |
| 361页:图;26cm |
| 高等学校教材·计算机科学与技术 |
| ISBN 7-302-12906-1:CNY29.00 |
| 本书内容包括软件工程基础、软件项目管理基础、软件需求分析管理基础、软件设计基础、软件体系结构设计、人机交互界面设计、构件级设计与实现、面向对象的概念和记号、面向对象的需求获取与需求分析、面向对象设计、软件测试和维护。 |
| ● |
| 相关链接 |
|
|
|
正题名:软件工程
索取号:TP311.5-43/Y430
 
预约/预借
| 序号 | 登录号 | 条形码 | 馆藏地/架位号 | 状态 | 备注 |
| 1 | 263284 | 202632847 | 期刊室512/301自科库 42排7列1层/ [索取号:TP311.5-43/Y430] | 在馆 | |
| 2 | 263285 | 202632856 | 期刊室512/301自科库 42排7列1层/ [索取号:TP311.5-43/Y430] | 在馆 |